<?xml version="1.0" encoding="UTF-8"?>
<record
    xmlns:xsi="http://www.w3.org/2001/XMLSchema-instance"
    xsi:schemaLocation="http://www.loc.gov/MARC21/slim http://www.loc.gov/standards/marcxml/schema/MARC21slim.xsd"
    xmlns="http://www.loc.gov/MARC21/slim">

  <leader>02324agaaa2200349   4500</leader>
  <controlfield tag="001">8448</controlfield>
  <controlfield tag="003">IT-RoPAU</controlfield>
  <controlfield tag="005">20220918181253.0</controlfield>
  <controlfield tag="007">d cvaizq</controlfield>
  <controlfield tag="008">50131s9999||||xx ||| |     ||   ||und||</controlfield>
  <datafield tag="040" ind1=" " ind2=" ">
    <subfield code="a">IT-RoPAU</subfield>
    <subfield code="c">IT-RoPAU</subfield>
  </datafield>
  <datafield tag="041" ind1=" " ind2=" ">
    <subfield code="a">ITALIANO</subfield>
  </datafield>
  <datafield tag="100" ind1=" " ind2=" ">
    <subfield code="a">Herzog Werner</subfield>
    <subfield code="g">Codice regista SPICS: 5495</subfield>
    <subfield code="9">50051</subfield>
  </datafield>
  <datafield tag="130" ind1=" " ind2=" ">
    <subfield code="a">NOSFERATU, IL PRINCIPE DELLA NOTTE</subfield>
    <subfield code="9">50052</subfield>
  </datafield>
  <datafield tag="240" ind1=" " ind2=" ">
    <subfield code="a">NOSFERATU, PHANTOM DER NACHT</subfield>
    <subfield code="g">T3261</subfield>
  </datafield>
  <datafield tag="245" ind1=" " ind2=" ">
    <subfield code="a">NOSFERATU, IL PRINCIPE DELLA NOTTE</subfield>
    <subfield code="c">Prodotto da: W.H. Filmproduktion -- Sceneggiatura: Werner Herzog -- Diretto da: Herzog Werner</subfield>
    <subfield code="p">NOSFERATU, IL PRINCIPE DELLA NOTTE (Rif. Codice opera principale : G8448)</subfield>
  </datafield>
  <datafield tag="246" ind1=" " ind2=" ">
    <subfield code="a">NOSFERATU, PHANTOM DER NACHT</subfield>
  </datafield>
  <datafield tag="250" ind1=" " ind2=" ">
    <subfield code="a">Edizione Standard</subfield>
  </datafield>
  <datafield tag="260" ind1=" " ind2=" ">
    <subfield code="a">MUNCHEN (GERMANIA)</subfield>
    <subfield code="b">HERZOG WERNER FILM PRODUKTION / </subfield>
    <subfield code="g">"1978 (1&#xB0; ed.: 2000 ; Ed. Lingua Orig.: 1978)"</subfield>
  </datafield>
  <datafield tag="300" ind1=" " ind2=" ">
    <subfield code="a">VHS</subfield>
    <subfield code="b">sonoro, col.</subfield>
    <subfield code="c">90 minuti</subfield>
  </datafield>
  <datafield tag="508" ind1=" " ind2=" ">
    <subfield code="a">"Fotografia: J. Schmidt-Reitwein; Montaggio: B.Mainka-Jellinghaus; Musica: Vuh Popol; Sceneggiatura: Werner Herzog; Scenografia: Henning Von Gierke; Coreografia: Gisela Storch; Soggetto: Stoker Bram -- Murnau Friederich"</subfield>
  </datafield>
  <datafield tag="511" ind1=" " ind2=" ">
    <subfield code="a">"Klaus; Kinski; Isabelle; Adjani; Bruno; Ganz; Michael; Gruskoff; Jacques; Dufilho"</subfield>
  </datafield>
  <datafield tag="520" ind1=" " ind2=" ">
    <subfield code="a">"ELEGANTE REMAKE DEL CAPOLAVORO DI MURNAU DEL 1922 ""NOSFERATU IL VAMPIRO"", E' UN OMAGGIO AL CINEMA TEDESCO DEGLI ANNI 20. TRATTO ANCHE DAL ROMANZO DI BRAM STOKER ""DRACULA"". NONOSTANTE TUTTI LO METTANO IN GUARDIA, IL GIOVANE TEDESCO HARKER SI RECA AL CASTELLO DEL CONTE DRACULA PER TRATTARE LA VENDITADELL'IMMOBILE. DURANTE L'INCONTRO VIENE ASSALITO E TRAMUTATO IN VAMPIRO. DRACULA INSIDIA LA GIOVANE MOGLIE CHE ASTUTAMENTE LO TRATTIENE PER TUTTA LA NOTTE BEN SAPENDO CHE I VAMPIRI MUOIONO ALL'ALBA. COSI' AVVIENE E HARKER RIMANE IL NUOVO VAMPIRO. FILM PER TUTTI A COLORI. DISTRIBUITO DA MULTIMEDIA SAN PAOLO."</subfield>
  </datafield>
  <datafield tag="538" ind1=" " ind2=" ">
    <subfield code="a">PAL, STEREO</subfield>
  </datafield>
  <datafield tag="546" ind1=" " ind2=" ">
    <subfield code="a">ITALIANO</subfield>
  </datafield>
  <datafield tag="650" ind1=" " ind2=" ">
    <subfield code="a">FANTASY</subfield>
    <subfield code="e">FILMS [VHS]</subfield>
    <subfield code="x">Codice MATERIA SPICS: 9960</subfield>
    <subfield code="9">50053</subfield>
  </datafield>
  <datafield tag="700" ind1=" " ind2=" ">
    <subfield code="a">Herzog Werner </subfield>
    <subfield code="e">(regista)</subfield>
    <subfield code="g">Codice regista SPICS: 5495</subfield>
    <subfield code="9">50054</subfield>
  </datafield>
  <datafield tag="700" ind1=" " ind2=" ">
    <subfield code="a">Murnau Friederich </subfield>
    <subfield code="e">(soggetto)</subfield>
    <subfield code="g">Codice Soggetto 2&#xB0; SPICS: 1476</subfield>
    <subfield code="9">50055</subfield>
  </datafield>
  <datafield tag="700" ind1=" " ind2=" ">
    <subfield code="a">Stoker Bram </subfield>
    <subfield code="e">(soggetto)</subfield>
    <subfield code="g">Codice Soggetto SPICS: 44718</subfield>
    <subfield code="9">50056</subfield>
  </datafield>
  <datafield tag="700" ind1=" " ind2=" ">
    <subfield code="a">Vuh Popol</subfield>
    <subfield code="e">(musica)</subfield>
    <subfield code="g">Codice Musica SPICS: 30967</subfield>
    <subfield code="9">50057</subfield>
  </datafield>
  <datafield tag="942" ind1=" " ind2=" ">
    <subfield code="c">VH</subfield>
    <subfield code="2">ddc</subfield>
  </datafield>
  <datafield tag="999" ind1=" " ind2=" ">
    <subfield code="c">107033</subfield>
    <subfield code="d">107033</subfield>
  </datafield>
  <datafield tag="952" ind1=" " ind2=" ">
    <subfield code="0">0</subfield>
    <subfield code="1">0</subfield>
    <subfield code="4">0</subfield>
    <subfield code="6">G_8448_000000000000000</subfield>
    <subfield code="7">1</subfield>
    <subfield code="a">SPICS</subfield>
    <subfield code="b">SPICS</subfield>
    <subfield code="d">2015-01-31</subfield>
    <subfield code="l">0</subfield>
    <subfield code="o">G8448</subfield>
    <subfield code="r">2015-01-31 00:00:00</subfield>
    <subfield code="w">2015-01-31</subfield>
    <subfield code="y">VH</subfield>
    <subfield code="z">Progr. Ins.: 3032 / N.Vol.:1 / Copie: 1 / Pag.:0 / Copia rara: n.d. / date import: 1.2.2015 / By Epidotti, Trombetti, Vaglietti</subfield>
  </datafield>
</record>
